000 01156nam a22003377a 4500
003 CHAP
005 20220329134122.0
008 971013s1970 r 00010 d
010 _a15671
011 _a16643
035 _a20725
040 _cCHAP
090 _aTesis
100 0 0 _aGuajardo Martínez, Adolfo.
_950963
245 _aEfectos de la distancia entre surcos sobre el rendimiento y tamaño comercial de la cebolla (Allium cepa L.) Gral. Escobedo, N.L.
260 _aMonterrey, N.L. :
_bEl autor,
_c1970
300 _a43 h
502 _aTesis (Ing. Agrónomo) Universidad de Nuevo León. Fac. de Agronomía
590 _aALEPH
_b10
_c20130110
_lUCH01
_h1237
590 _aBATCH-UPD
_b10
_c20130110
_lUCH01
_h0103
590 _aBATCH-UPD
_b10
_c20130110
_lUCH01
_h1345
590 _aBATCH-UPD
_b10
_c20130409
_lUCH01
_h2053
590 _aBATCH-UPD
_b10
_c20130914
_lUCH01
_h0905
590 _aCONVERSION
_b10
_c20130109
_lUCH01
_h1310
650 1 4 _aCebolla.
_920749
901 _aBK
942 _cFOLL
949 _bBC
_cTES
_d-48304
_eTS2
_i20725
_si
949 _bBC
_cTES
_d-48305
_eTS2
_fc.2
_i20725
_si
949 _bBC
_cTES
_d-48306
_eTS2
_fc.3
_i20725
_si
999 _c15671
_d15671